Hài kịch

Сохранить в:
Библиографические подробности
Главный автор: Môlierơ
Другие авторы: Tôn Gia Ngân (dịch và giới thiệu)
Формат:
Язык:Vietnamese
Опубликовано: H. Văn học 2004
Предметы:
Метки: Добавить метку
Нет меток, Требуется 1-ая метка записи!
Thư viện lưu trữ: Mạng thư viện Đại học Đà Nẵng
LEADER 01063nam a2200337 4500
001 000005002
003 1144
005 20120507150514.0
008 110808s2004 viesd
020 |c 32000đ 
041 0 |a vie 
082 |a 842  |b MOL 
100 0 |a Môlierơ 
245 0 |a Hài kịch  |c Môlierơ ; Tôn Gia Ngân dịch, giới thiệu 
260 |a H.  |b Văn học  |c 2004 
300 |a 321 tr  |c 19 cm 
653 |a Văn học hiện đại 
653 |a Hài kịch 
653 |a Pháp 
700 |a Tôn Gia Ngân  |e dịch và giới thiệu 
910 |a Nguyễn Thị Kim Oanh  |d 08/ 08/ 2011 
OWN |a LSP 
AVA |a UDN50  |b LSP  |d 842 MOL  |e available  |t Error 5001 Not defined in file expand_doc_bib_avail.  |f 5  |g 0  |h N  |i 0  |k 1 
999 |a From the UDN01 
AVA |a UDN50  |b LSP  |d 842 MOL  |e available  |t Error 5001 Not defined in file expand_doc_bib_avail.  |f 5  |g 0  |h N  |i 0  |k 1 
TYP |a Monograph 
TYP |a Printed language 
980 |a Mạng thư viện Đại học Đà Nẵng